| 000 | 006150000a22001810004500 | ||
|---|---|---|---|
| 003 | MACL | ||
| 005 | 20160515155745.0 | ||
| 008 | 160515b xxu||||| |||| 00| 0 eng d | ||
| 040 |
_aMACL _cMACL |
||
| 041 | _aHindi | ||
| 082 | _a891.433 VED | ||
| 100 |
_aवेदप्रकाश _957452 |
||
| 245 |
_aसंसार की 15 सर्वश्रेष्ठ कहानियां _cवेदप्रकाश |
||
| 260 |
_bमनीष प्रकाशन _c2001 _aनई दिल्ली |
||
| 350 | _a100 | ||
| 650 |
_aIndian Literature Story _951257 |
||
| 942 |
_cHIN _k891.433/VED/S _2ddc |
||
| 999 |
_c17807 _d17807 |
||